Tres tragedias griegas / Esquilo, Sófocles y Eurípides
Guardat en:
| Autor principal: | |
|---|---|
| Format: | Llibre |
| Idioma: | Undetermined |
| Publicat: |
San José, Costa Rica
Editorial Costa Rica
1977
|
| Matèries: | |
| Etiquetes: |
Afegir etiqueta
Sense etiquetes, Sigues el primer a etiquetar aquest registre!
|
MARC
| LEADER | 00000nam a2200000Ia 4500 | ||
|---|---|---|---|
| 008 | 170316s9999 xx 000 0 und d | ||
| 040 | |a cru BVZT | ||
| 090 | |a 880 E-3tr | ||
| 100 | |a Esquilo, Sófocles y Eurípides | ||
| 245 | |a Tres tragedias griegas / Esquilo, Sófocles y Eurípides | ||
| 260 | |a San José, Costa Rica | ||
| 260 | |b Editorial Costa Rica | ||
| 260 | |c 1977 | ||
| 300 | |a 186 páginas | ||
| 650 | |a LITERATURA GRIEGA | ||
| 650 | |a CULTURA GRIEGA | ||
| 650 | |a ORIGEN - TRAGEDIA GRIEGA | ||
| 650 | |a TEATRO | ||
| 650 | |a ESQUILO | ||
| 650 | |a SOFOCLES | ||
| 650 | |a EURIPIDES | ||
| 999 | |c 15093 |d 15093 | ||
| 942 | |c 15 D |h 880 E-3tr |2 z | ||
